|
|
|
|
| LEADER |
01282nam a22003017a 4500 |
| 001 |
35326 |
| 003 |
BD-DhAAL |
| 008 |
190908t1997 enka 001 0 eng d |
| 999 |
|
|
|c 41154
|d 41154
|
| 020 |
|
|
|a 0273616080
|
| 020 |
|
|
|a 9780273616085
|
| 040 |
|
|
|a BD-DhAAL
|
| 082 |
|
|
|a 371.2011
|2 22
|
| 100 |
|
|
|a Blandford, Sonia.
|9 34211
|
| 245 |
|
|
|a Middle management in schools :
|b how to harmonise managing and teaching for an effective school /
|c Sonia Blandford.
|
| 260 |
|
|
|a London :
|b Pitman,
|c c1997
|
| 300 |
|
|
|a ix, 256 pages :
|b illustrations ;
|c 23 cm.
|
| 490 |
|
|
|a School leadership and management series
|
| 504 |
|
|
|a Includes bibliographic references and index.
|
| 526 |
|
|
|a BIED
|
| 541 |
|
|
|a Complimentary copy from BIED
|e 35326
|
| 650 |
|
|
|a Middle managers
|z Great Britain.
|9 34212
|
| 650 |
|
|
|a School management and organization
|z Great Britain.
|9 34213
|
| 650 |
|
|
|a High schools
|z Great Britain
|x Administration.
|9 34214
|
| 830 |
|
|
|a School leadership and management series
|9 34215
|
| 852 |
|
|
|a Ayesha Abed Library
|c General Stacks
|
| 942 |
|
|
|2 ddc
|c BK
|
| 952 |
|
|
|0 0
|1 0
|2 ddc
|4 0
|6 371_201100000000000_BLA
|7 0
|9 66185
|a BRACUL
|b BRACUL
|c GEN
|d 2019-09-08
|e Complimentary copy from BIED
|l 0
|o 371.2011 BLA
|p 3010035326
|r 2019-09-08
|t 1
|w 2019-09-08
|y BK
|x Transferred from BIED to General Stacks
|